1073 1202 1847 1397 1544 1016 1043 1367 1790 1887 1851 1977 1007 1825 1263 1099 1785 1851 1066 1090 1858 1808 1059 1100 1012 1131 1478 1822 1361 1530 1806 1962 1931 1223 1059 1608 1420 1818 1590 1329 1904 1465 1568 1867 1934 1555 1026 1330 1329 1955 1867 1305 1978 1768 1040 1169 1556 1326 1922 1054 1591 1595 1125 1574 1478 1843 1090 1633 1272 1635 1496 1257 1439 1177 1778 1216 1840 1985 1736 1419 1087 1560 1411 1245 1592 1996 1684 1140 1837 1484 1549 1982 1512 1353 1524 1462 1035 1789 1214 BCNSPRNW ULIB Ver.6.0+V

เปลี่ยนเป็นภาษาไทย

Change to English
 แสดงรายละเอียดบรรณานุกรม
  กลับหน้าหลัก

Brief Record : Get Marc (ISO 2709) : E-mail record : QR code < ปิดหน้าต่าง
LEADER : 00000nam 2200000uu 4500
001    13399108055
003     ULIB
008    110216s2552||||th 000 0 tha d
020    9786117043024
060  4 QT255^bอ497ส 2552
100 0  อัจฉราพรรณ ไพบูลย์สุวรรณ
245 00 สวย...สั่งได้/^cอัจฉราพรรณ ไพบูลย์สุวรรณ
250    พิมพ์คร้งที่ 2
260    กรุงเทพฯ:^bบริษัท รักลูกกรุ๊ป จำกัด,^c2552
300    163 หน้า:^bภาพประกอบ
650  7 โยคะ
945    ^p185^l0^i026448
945    ^p185^l0^i18658
995    ทศพร
999 ^a ใช้งานได้ทุกระบบ
รายการนี้ยังไม่มีแท็ก
คุณยังไม่ได้ล็อกอิน คุณสามารถมีกิจกรรมร่วมกับเว็บไซต์ได้ แต่ต้องล็อกอินก่อน ::
  ล็อกอิน

รายการสื่อสารสนเทศ

ลำดับที่ ประเภท เลขเรียก/บาร์โค้ด สถานที่ สถานะ
- ไม่พบข้อมูล -

รายการใกล้เคียง
    หัวเรื่อง [โยคะ]

BibComment


ยังไม่เคยถูกคอมเมนท์

คอมเมนท์ทรัพยากรรายการนี้
  คอมเมนท์: สวยสั่งได้ อัจฉรา..


 Copyright 2026. Bcnsprnw @Library